00389 a2200145 450000100060000002000180000608200170002410000200004124500800006125000060014126000400014730000150018750000270020250500140022979085 a9780070700123 a629.1323 AND aJohn D Anderson aFundamentals of Aerodynamics Indian Edition (SI Units) 5th EditionhEnglish a5 aIndiabTata Mcgraw Hill Indiac2010 axxiv+1034p aDOS BS Reference Books aAHQ Books